000 00568nas a2200217 4500
001 BR9508978
003 BR-BrBNA
005 20231205094533.0
007 ta
008 230509b bl.|||p| |||| 00| 00por d
040 _aBR-BrBNA
_bpor
_cBiblioteca Nacional de Agricultura
041 _a(Pt)
072 _aL73
100 1 _aMessage, D.
245 1 _aPatologia apicola
650 _aAbelha
650 _aDoenca Animal
773 0 _tApiario (Brazil)
_x
_g(Jan 1978), v. 4(37) p. 6-13
_wBR9508978
909 _a202311
_bLúcia
_c55
_dLúcia Elande
942 _2AGRIS
_n0
_cANA
999 _c145059
_d145059